000
00358nam a2200145Ia 4500
008
231129s1984||||xx |||||||||||||| ||spa||
020
_a
84-8280-194-5
040
_b
spa
082
_a
F843 H895
100
_a
Hugo Victor
245
0
_a
Los miserables
260
_c
1984
264
_a
La Oveja Negra
942
_2
ddc
_c
BKS
999
_c
19840
_d
19840